000 00499nam a2200193 a 4500
001 1768888605338
003 YourLibrary
005 20260120141446.0
008 260120s2000##################000#0#eng##
020 _a9780415201841
082 0 4 _a303.482
_bAHM
100 1 _aAhmed, Sara,
_eauthor.
245 1 0 _aStrange Encounters :
260 _bTransformations (Routledge Har,
_c2000.
300 _a212 pages
650 0 _aHistory.
942 _cENGLISH
040 _aYourLibrary
_beng
_cYourLibrary
999 _c608645
_d608645